000
00331nam a22001457a 4500
003
OSt
005
20211126113215.0
008
211126b |||||||| |||| 00| 0 eng d
040
_c
Hawassa University
050
_a
646.1/KEY
_b
1
082
_a
646.1/KEY
_b
1
245
_a
Key note report
260
_c
1989
942
_2
ddc
_c
BOOKS
_n
0
999
_c
20385
_d
20385